<?xml version="1.0" encoding="UTF-8"?><?xml-stylesheet type="text/xsl" href="static/style.xsl"?><OAI-PMH xmlns="http://www.openarchives.org/OAI/2.0/" xmlns:xsi="http://www.w3.org/2001/XMLSchema-instance" xsi:schemaLocation="http://www.openarchives.org/OAI/2.0/ http://www.openarchives.org/OAI/2.0/OAI-PMH.xsd"><responseDate>2026-06-03T22:31:01Z</responseDate><request verb="GetRecord" identifier="oai:riuma.uma.es:10630/9845" metadataPrefix="marc">https://riuma.uma.es/rest/oai/request</request><GetRecord><record><header><identifier>oai:riuma.uma.es:10630/9845</identifier><datestamp>2026-02-03T12:15:10Z</datestamp><setSpec>com_10630_2254</setSpec><setSpec>col_10630_37959</setSpec></header><metadata><record xmlns="http://www.loc.gov/MARC21/slim" xmlns:dcterms="http://purl.org/dc/terms/" xmlns:doc="http://www.lyncode.com/xoai" xmlns:xsi="http://www.w3.org/2001/XMLSchema-instance" xsi:schemaLocation="http://www.loc.gov/MARC21/slim http://www.loc.gov/standards/marcxml/schema/MARC21slim.xsd">
   <leader>00925njm 22002777a 4500</leader>
   <datafield ind2=" " ind1=" " tag="042">
      <subfield code="a">dc</subfield>
   </datafield>
   <datafield ind2=" " ind1=" " tag="720">
      <subfield code="a">Álvarez Benítez, Paula</subfield>
      <subfield code="e">author</subfield>
   </datafield>
   <datafield ind2=" " ind1=" " tag="260">
      <subfield code="c">2015-06-02</subfield>
   </datafield>
   <datafield ind2=" " ind1=" " tag="520">
      <subfield code="a">Bajo el título "LOS TRABAJOS DE VIBOK" esta presentación explica a los estudiantes el trabajo que desarrollamos en el estudio creativo Vibok Works de un modo didáctico, definiendo los trabajos como herramientas para incentivar el debate, el pensamiento y la crítica de la arquitectura, y situándolas en el contexto económico y socio-cultural de nuestro presente, marcado por la diversificación del ejercicio de la arquitectura, el estallido de la categoría de "espacio" con el vertiginoso desarrollo de las tecnologías de la comunicación, y por una preocupación extendida ante la pérdida de relevancia cultural de la arquitectura. La pregunta es, en este contexto, la edición se define como la labor de repensar y reconfigurar los espacios en que vivimos, en todas sus complejas dimensiones, de los espacios de convivencia (físicos-digitales) a los del saber.</subfield>
   </datafield>
   <datafield ind1="8" ind2=" " tag="024">
      <subfield code="a">http://hdl.handle.net/10630/9845</subfield>
   </datafield>
   <datafield tag="653" ind2=" " ind1=" ">
      <subfield code="a">Arquitectura</subfield>
   </datafield>
   <datafield ind2="0" ind1="0" tag="245">
      <subfield code="a">"Los trabajos de Vibok"</subfield>
   </datafield>
</record>
</metadata></record></GetRecord></OAI-PMH>